LEADER 01878nam a2200349 a 4500 001 000000145841 003 CaOOAMICUS 005 20150918120314.0 008 150918s2004 it a u000 u ita r 020 $z8846456688* 040 $aPUL$bita 100 1 $aLima, Bruno.$0(OLS)http://pul/name/75912 245 10$aPer un'etica dei mass-media e del ciberspazio a tutela dei minori :$belementi di diritto internazionale, legislazione internazionale e legislazione italiana /$cBruno Lima, Giovanni Cinque ; prefazione di Giuseppe Santaniello ; con i contributi di Domenico De Nardis, Anna Maria Nigro, Roberto Veraldi. 260 $aMilano :$bFrancoAngeli,$c©2004. 300 $a313 p. :$bill. ;$c23 cm 490 1 $aCollana di diritto e societą ;$v320.34 504 $aBibliografia in nota. 650 4$aMinori$xTutela.$0(OLS)http://pul/subject/19963 650 4$aMass media$xAspetti etici.$0(OLS)http://pul/subject/41346 700 1 $aCinque, Giovanni.$0(OLS)http://pul/name/93350 700 1 $aSantaniello, Giuseppe.$0(OLS)http://pul/name/37039 700 1 $aDe Nardis, Domenico.$0(OLS)http://pul/name/93351 700 1 $aNigro, Anna Maria.$0(OLS)http://pul/name/93352 700 1 $aVeraldi, Roberto.$0(OLS)http://pul/name/93353 830 0$aCollana di diritto e societą ;$v320.34.$0(OLS)http://pul/title/184409 850 $aPUL 852 $aPUL$W1$xSL Diritto e Scienze Sociali 3$y79$m341. 4 LIMBR 1$j168723$qDDC 21$B169359$CPULBib$Z2$F169359 $H126212 $82 941 1 $a9 996 $6020$z8846456688*$9(OLS)http://pul/number/158661 996 $6245$aPer un'etica dei mass-media e del ciberspazio a tutela dei minori :$belementi di diritto internazionale, legislazione internazionale e legislazione italiana$9(OLS)http://pul/title/184408 996 $6260$aMilano :$bFrancoAngeli$9(OLS)http://pul/publisher/66898 LEADER 01551nam a2200325 a 4500 001 000000147993 003 CaOOAMICUS 005 20151209091637.0 008 151209s2015 vc u000 u eng r 020 $a978-88-465-1045-7* 032 $aLibriCat 040 $aPUL$bita 082 04$a230 245 00$aScience and christian faith in post-cold war Europe :$ba comparative analysis 25 years after the fall of the Berlin wall / $cGiandomenico Boffi ? Marijan Sunjic (eds.) 260 $aCittą del Vaticano :$bLateran University Press,$c©2015. 300 $a144 p. ;$c25 cm. 490 1 $aEcclesia Mater. Studi ;$v05 504 $aBibliografia in nota. 650 4$aScienza e fede$zEuropa$ySec. XX.$0(OLS)http://pul/subject/42769 700 1 $aBoffi, Giandomenico.$0(OLS)http://pul/name/94529 700 1 $aSunjic, Marijan.$0(OLS)http://pul/name/94530 830 0$aEcclesia Mater$pStudi ;$v05.$0(OLS)http://pul/title/173692 850 $aPUL 852 $aPUL$W1$xSL Religione 3$y85$m230 COLL 10.5$j170782$qDDC 21$B171812$CPULBib$Z2$F171812 $H126374 $81 941 1 $a9 996 $6020$a978-88-465-1045-7*$9(OLS)http://pul/number/159207 996 $6082$a230$9(OLS)http://pul/classification/368 996 $6245$aScience and christian faith in post-cold war Europe :$ba comparative analysis 25 years after the fall of the Berlin wall / $9(OLS)http://pul/title/186737 996 $6260$aCittą del Vaticano :$bLateran University Press$9(OLS)http://pul/publisher/74585